000 01562cam a22003614a 4500
001 13041424
003 OSt
005 20260616100014.0
008 021224s2004 ilu 000 0 eng
010 _a 2002156375
020 _a0830823824
_qpbk. : alk. paper
020 _a9780830823826
_q(pbk. : alk. paper)
035 _a13041424
040 _aDLC
_cDLC
_dDLC
042 _apcc
050 0 0 _aBV4528.2
_b.E445 2004
082 0 0 _a241/.6762/081
_221
100 1 _aEisenman, Tom.
245 1 4 _aThe accountable man :
_bpursuing integrity through trust and friendship /
_cTom Eisenman.
260 _aDowners Grove, Ill. :
_bInterVarsity Press,
_cc2004.
300 _a144 p. ;
_c18 cm.
336 _atext
_btxt
_2rdacontent
337 _aunmediated
_bn
_2rdamedia
338 _avolume
_bnc
_2rdacarrier
505 0 _aThe accountable man -- When two are better than one -- What to look for in a Christian friend -- Are you ready for accountability? -- The primary skill : listening well -- Loving confrontation -- Partners in prayer -- Getting started -- Appendix A : the dark night experience -- Appendix B : accountability questions.
583 _aCataloguing:
_c20260616
_kgtanuigtanui
650 0 _aChristian men
_xReligious life.
650 0 _aMale friendship
_xReligious aspects
_xChristianity.
906 _a7
_bcbc
_corignew
_d1
_eecip
_f20
_gy-gencatlg
942 _2lcc
_cBK
999 _c21680
_d21679